| 000 | 00364nam a2200109Ia 4500 | ||
|---|---|---|---|
| 008 | 151021s9999 xx 000 0 und d | ||
| 050 | _aPL 8000 .I6 2008 | ||
| 245 | _a_Africa Journal of the International African Institute / International African Institute | ||
| 260 | _aGhana : African Institute, 2008 | ||
| 300 | _a474 p. | ||
| 980 | _a^d20110421 11:24:32^okilerai | ||
| 999 |
_c7108 _d7108 |
||